[Event "European Individual Chess Championship "]
[Site "Reykjavik, Iceland"]
[Date "2021.08.27"]
[Round "2.80"]
[White "Stremavicius, Pijus"]
[Black "Briem, Gudrun Fanney"]
[Result "1-0"]
[WhiteElo "2146"]
[BlackElo "1240"]
[PlyCount "59"]
[EventDate "2021.08.26"]

1. d4 e5 2. dxe5 Nc6 3. Nf3 Qe7 4. Bf4 Qb4+ 5. Bd2 Qxb2 6. Nc3 Nb4 7. Nd4 Nc6
8. Rb1 Qxb1 9. Qxb1 Nxd4 10. Nd5 Ne6 11. Bb4 Bxb4+ 12. Qxb4 c6 13. e4 cxd5 14.
exd5 Nc7 15. Qc5 Na6 16. Bxa6 bxa6 17. e6 fxe6 18. dxe6 dxe6 19. Qc6+ Bd7 20.
Qxa8+ Kf7 21. O-O h5 22. Rd1 Ke7 23. Rxd7+ Kxd7 24. Qxa7+ Kc6 25. Qxg7 Rh6 26.
Qxg8 Rf6 27. Qa8+ Kb5 28. Qb7+ Ka5 29. a3 Rf4 30. Qc7+ 1-0

[Event "European Individual Chess Championship "]
[Site "Reykjavik, Iceland"]
[Date "2021.08.27"]
[Round "2.81"]
[White "Saemundarson, Saethor Ingi"]
[Black "Halldorsson, Jon Arni"]
[Result "1/2-1/2"]
[WhiteElo "1216"]
[BlackElo "2115"]
[PlyCount "49"]
[EventDate "2021.08.26"]

1. e4 e6 2. Nf3 d5 3. exd5 exd5 4. d4 Bd6 5. Nc3 Ne7 6. h3 Bf5 7. Bd3 Bg6 8.
Nb5 Nbc6 9. Nxd6+ Qxd6 10. c3 O-O-O 11. O-O Bh5 12. Re1 f6 13. Qe2 Bf7 14. Nh4
Kb8 15. Qg4 g5 16. Nf5 Nxf5 17. Qxf5 Bg6 18. Qf3 Rhe8 19. Bd2 Bxd3 20. Qxd3 Qd7
21. Qf3 Qd6 22. Qf5 h5 23. Qf3 h4 24. Qf5 a6 25. f3 1/2-1/2

[Event "European Individual Chess Championship "]
[Site "Reykjavik, Iceland"]
[Date "2021.08.27"]
[Round "2.82"]
[White "Mai, Aron Thor"]
[Black "Omarsson, Josef"]
[Result "1/2-1/2"]
[WhiteElo "2110"]
[BlackElo "1211"]
[PlyCount "86"]
[EventDate "2021.08.26"]

1. e4 d6 2. d4 Nf6 3. Nc3 g6 4. f4 Bg7 5. Nf3 O-O 6. e5 dxe5 7. fxe5 Ng4 8. h3
Nh6 9. Bf4 Kh8 10. Qd2 Ng8 11. O-O-O a5 12. h4 Bg4 13. Bc4 c6 14. a4 b5 15.
axb5 cxb5 16. Bxb5 Qb6 17. d5 Na6 18. Be3 Qb8 19. Bd4 Nb4 20. Ba4 Qb7 21. h5
Rfb8 22. hxg6 fxg6 23. Ng5 h5 24. Nf7+ Kh7 25. Ne4 Nh6 26. Neg5+ Kg8 27. e6
Qxd5 28. Bb3 Qxd4 29. Qxd4 Bxd4 30. Nxh6+ Kg7 31. Nxg4 Bxb2+ 32. Kxb2 a4 33.
Rdf1 hxg4 34. Rf7+ Kg8 35. Rhh7 axb3 36. cxb3 Rc8 37. Kb1 Nd3 38. Rfg7+ Kf8 39.
Rf7+ Kg8 40. Rhg7+ Kh8 41. Rh7+ Kg8 42. Rhg7+ Kh8 43. Rh7+ Kg8 1/2-1/2

[Event "European Individual Chess Championship "]
[Site "Reykjavik, Iceland"]
[Date "2021.08.27"]
[Round "2.83"]
[White "Gudnyjarson, Sigurdur Pall"]
[Black "Ptacnikova, Lenka"]
[Result "0-1"]
[WhiteElo "1207"]
[BlackElo "2109"]
[PlyCount "70"]
[EventDate "2021.08.26"]

1. d4 d6 2. Nf3 Bg4 3. e3 Nf6 4. c4 g6 5. Nc3 Bg7 6. h3 Bd7 7. Bd3 O-O 8. Qb3
b6 9. Qc2 c5 10. d5 Na6 11. a3 Nc7 12. O-O a6 13. Rb1 b5 14. e4 bxc4 15. Bxc4
Nb5 16. Bxb5 axb5 17. b3 b4 18. axb4 cxb4 19. Ne2 Nxd5 20. Bd2 Nc3 21. Nxc3
bxc3 22. Be3 Qa5 23. Bd4 Rfc8 24. Bxg7 Kxg7 25. Rfc1 Qb4 26. Qd3 Bb5 27. Qd4+
Qxd4 28. Nxd4 Bd3 29. Ra1 Rxa1 30. Rxa1 e5 31. Nf3 Bxe4 32. Rc1 Bxf3 33. gxf3
d5 34. Kf1 d4 35. Ke2 Kf6 0-1

[Event "European Individual Chess Championship "]
[Site "Reykjavik, Iceland"]
[Date "2021.08.27"]
[Round "2.84"]
[White "Mai, Alexander Oliver"]
[Black "Hreinsson, Johann Helgi"]
[Result "1-0"]
[WhiteElo "2090"]
[BlackElo "1195"]
[PlyCount "81"]
[EventDate "2021.08.26"]

1. e4 e6 2. d4 d5 3. Nc3 Bb4 4. e5 c5 5. a3 Bxc3+ 6. bxc3 Nc6 7. Qg4 Nge7 8.
Bd3 Ng6 9. Nf3 b6 10. h4 h5 11. Qg3 Nce7 12. Bg5 Rg8 13. Bxg6 fxg6 14. Bxe7
Qxe7 15. Qxg6+ Qf7 16. Qg5 Qf5 17. Qxf5 exf5 18. Kd2 Ke7 19. Ng5 Ba6 20. Nh3 g6
21. Nf4 Kf7 22. e6+ Ke8 23. Nxd5 Kd8 24. e7+ Kc8 25. Nf6 Rh8 26. e8=Q+ Rxe8 27.
Nxe8 Kd7 28. Nf6+ Ke6 29. Nh7 Rd8 30. Ng5+ Kf6 31. Nf3 cxd4 32. cxd4 Bb7 33. c3
Re8 34. Rhe1 Be4 35. Ng5 Re7 36. f3 Bd5 37. Rxe7 Kxe7 38. Re1+ Kf6 39. Re5 Bc4
40. Re8 a5 41. Ke3 1-0

[Event "European Individual Chess Championship "]
[Site "Reykjavik, Iceland"]
[Date "2021.08.27"]
[Round "2.85"]
[White "Johannsson, Markus Orri"]
[Black "Hardarson, Petur Palmi"]
[Result "0-1"]
[WhiteElo "1117"]
[BlackElo "2084"]
[PlyCount "66"]
[EventDate "2021.08.26"]

1. e4 c5 2. Nf3 d6 3. c3 Nf6 4. h3 g6 5. Bb5+ Nbd7 6. d3 Bg7 7. Bg5 O-O 8. Nbd2
a6 9. Bxd7 Bxd7 10. O-O b5 11. e5 dxe5 12. Nxe5 Bf5 13. Ndf3 Qd6 14. Qe2 Nd5
15. Ng4 Bxg4 16. hxg4 Rfe8 17. Qd2 Qd7 18. Nh2 b4 19. c4 Nc7 20. Rad1 e5 21.
Qe3 Ne6 22. Bh6 Bh8 23. g5 Nd4 24. f3 Qd6 25. Ng4 Nf5 26. Qf2 Rad8 27. Rd2 e4
28. fxe4 Bd4 29. Nf6+ Qxf6 30. gxf6 Nxh6 31. Qxd4 Rxd4 32. Rf4 Red8 33. Rh4 Nf5
0-1

[Event "European Individual Chess Championship "]
[Site "Reykjavik, Iceland"]
[Date "2021.08.27"]
[Round "2.86"]
[White "Jonsson, Gauti Pall"]
[Black "Hallmundarson, Birkir"]
[Result "1-0"]
[WhiteElo "2070"]
[BlackElo "1095"]
[PlyCount "45"]
[EventDate "2021.08.26"]

1. e4 Nf6 2. e5 Nd5 3. c4 Nb6 4. d4 d6 5. exd6 cxd6 6. Nc3 g6 7. Be3 Bg7 8. Rc1
O-O 9. b3 e5 10. dxe5 dxe5 11. Qxd8 Rxd8 12. c5 N6d7 13. Bc4 Nc6 14. Nf3 Nb4
15. Ng5 Rf8 16. Nce4 h6 17. Nxf7 Nd3+ 18. Bxd3 Kxf7 19. Nd6+ Kf6 20. f4 exf4
21. Bd4+ Kg5 22. Bxg7 Rg8 23. h4+ 1-0

[Event "European Individual Chess Championship "]
[Site "Reykjavik, Iceland"]
[Date "2021.08.27"]
[Round "2.87"]
[White "Sveinbjornsson, Gudmundur Orri"]
[Black "Karlsson, Mikael Johann"]
[Result "0-1"]
[WhiteElo "1037"]
[BlackElo "2067"]
[PlyCount "48"]
[EventDate "2021.08.26"]

1. e4 c5 2. Nc3 g6 3. Nf3 Bg7 4. d4 cxd4 5. Nxd4 Nc6 6. Be3 d6 7. Bc4 Nf6 8.
Qd2 Ng4 9. Nxc6 bxc6 10. h3 Nxe3 11. Qxe3 Rb8 12. Rb1 Qa5 13. O-O O-O 14. Bb3
Bb7 15. Rfd1 Ba8 16. Ne2 Qc7 17. Nd4 c5 18. Nf3 c4 19. Ba4 Bxb2 20. c3 Qa5 21.
Qh6 Qh5 22. Qd2 Ba3 23. Qe3 Bc5 24. Nd4 e5 0-1

[Event "European Individual Championship - Reyk"]
[Site "Reykjavik, Iceland"]
[Date "2021.08.28"]
[Round "3.1"]
[White "Gretarsson, Hjorvar Steinn"]
[Black "Bluebaum, Matthias"]
[Result "1/2-1/2"]
[WhiteElo "2603"]
[BlackElo "2674"]
[PlyCount "53"]
[EventDate "2021.??.??"]

1. c4 {[%emt 0:00:09]} Nf6 {[%emt 0:01:42]} 2. Nc3 e5 3. Nf3 {[%emt 0:00:04]}
Nc6 {[%emt 0:00:04]} 4. e4 {[%emt 0:00:29]} Bc5 {[%emt 0:00:55]} 5. Nxe5 {
[%emt 0:01:29]} Nxe5 6. d4 {[%emt 0:00:05]} Bb4 {[%emt 0:00:32]} 7. dxe5 {
[%emt 0:00:08]} Nxe4 {[%emt 0:00:20]} 8. Qf3 Nxc3 {[%emt 0:00:49]} 9. bxc3 Ba5
{[%emt 0:00:04]} 10. Bf4 {[%emt 0:02:14]} O-O {[%emt 0:00:15]} 11. Rd1 {
[%emt 0:02:48]} d6 {[%emt 0:11:09]} 12. Be2 {[%emt 0:10:02]} Bd7 {[%emt 0:07:
15]} 13. O-O {[%emt 0:09:50]} dxe5 {[%emt 0:18:46]} 14. Bxe5 {[%emt 0:02:58]}
Qe7 {[%emt 0:05:33]} 15. Rd5 {[%emt 0:20:39]} Bb6 {[%emt 0:04:48]} 16. Bd3 {
[%emt 0:28:34]} f6 {[%emt 0:07:04]} 17. Bd4 {[%emt 0:11:54]} c5 {[%emt 0:09:40]
} 18. Be3 {[%emt 0:01:41]} Bc6 {[%emt 0:00:04]} 19. h4 {[%emt 0:03:06]} Qf7 {
[%emt 0:14:03]} 20. Be4 {[%emt 0:02:09]} Rae8 {[%emt 0:00:01]} 21. Rfd1 {
[%emt 0:01:10]} Kh8 {[%emt 0:03:45]} 22. h5 {[%emt 0:01:26]} Bxd5 {[%emt 0:01:
18]} 23. Rxd5 {[%emt 0:01:15]} Qe6 {[%emt 0:04:15]} 24. Bf5 {[%emt 0:00:11]}
Qf7 {[%emt 0:00:01]} 25. Be4 {[%emt 0:00:41]} Qe6 {[%emt 0:00:04]} 26. Bf5 {
[%emt 0:00:06]} Qf7 27. Be4 {[%emt 0:00:21]} 1/2-1/2

[Event "European Individual Championship - Reyk"]
[Site "Reykjavik, Iceland"]
[Date "2021.08.28"]
[Round "3.3"]
[White "Demchenko, Anton"]
[Black "Lagarde, Maxime"]
[Result "1/2-1/2"]
[WhiteElo "2597"]
[BlackElo "2631"]
[PlyCount "59"]
[EventDate "2021.??.??"]

1. e4 c5 2. Nf3 {[%emt 0:00:25]} d6 3. d4 {[%emt 0:00:06]} cxd4 {[%emt 0:00:04]
} 4. Nxd4 {[%emt 0:00:05]} Nf6 {[%emt 0:00:15]} 5. Nc3 {[%emt 0:00:07]} g6 {
[%emt 0:00:41]} 6. Be3 {[%emt 0:02:28]} Bg7 {[%emt 0:01:19]} 7. f3 {[%emt 0:00:
20]} O-O {[%emt 0:01:10]} 8. Qd2 {[%emt 0:00:14]} Nc6 {[%emt 0:00:19]} 9. O-O-O
{[%emt 0:01:12]} d5 10. Nxc6 {[%emt 0:00:34]} bxc6 {[%emt 0:00:08]} 11. Bc4 {
[%emt 0:00:01]} Be6 {[%emt 0:34:23]} 12. Bb3 {[%emt 0:09:02]} Qc7 {[%emt 0:09:
46]} 13. exd5 {[%emt 0:15:09]} Nxd5 {[%emt 0:07:05]} 14. Bd4 {[%emt 0:02:55]}
Bxd4 {[%emt 0:01:00]} 15. Qxd4 {[%emt 0:00:16]} Nxc3 {[%emt 0:00:24]} 16. Qxc3
{[%emt 0:00:32]} Bxb3 {[%emt 0:00:12]} 17. axb3 {[%emt 0:03:03]} Rfd8 {[%emt 0:
03:02]} 18. g3 {[%emt 0:01:19]} Qb6 {[%emt 0:02:55]} 19. h4 {[%emt 0:12:09]}
Rd5 {[%emt 0:05:29]} 20. Rxd5 {[%emt 0:04:31]} cxd5 {[%emt 0:00:05]} 21. h5 {
[%emt 0:00:36]} d4 {[%emt 0:03:21]} 22. Qd2 {[%emt 0:01:39]} Rd8 {[%emt 0:10:
30]} 23. hxg6 {[%emt 0:23:13]} Qxg6 {[%emt 0:00:15]} 24. g4 {[%emt 0:03:11]} d3
{[%emt 0:05:14]} 25. Rh6 {[%emt 0:03:47]} Qg7 {[%emt 0:00:17]} 26. Rh5 {
[%emt 0:00:10]} Qd4 {[%emt 0:05:26]} 27. Qg5+ {[%emt 0:00:21]} Kf8 {[%emt 0:01:
55]} 28. Qh6+ {[%emt 0:00:30]} Ke8 {[%emt 0:00:24]} 29. Qc6+ {[%emt 0:00:14]}
Kf8 {[%emt 0:00:25]} 30. Qh6+ {[%emt 0:00:59]} 1/2-1/2

[Event "European Individual Championship - Reyk"]
[Site "Reykjavik, Iceland"]
[Date "2021.08.28"]
[Round "3.4"]
[White "Huschenbeth, Niclas"]
[Black "Vocaturo, Daniele"]
[Result "1-0"]
[WhiteElo "2592"]
[BlackElo "2630"]
[PlyCount "113"]
[EventDate "2021.??.??"]

1. e4 {[%emt 0:03:01]} e5 {[%emt 0:00:34]} 2. Nf3 {[%emt 0:00:05]} Nc6 {
[%emt 0:00:27]} 3. Bc4 Bc5 {[%emt 0:01:08]} 4. c3 {[%emt 0:00:11]} Nf6 {
[%emt 0:00:23]} 5. d4 {[%emt 0:00:17]} exd4 {[%emt 0:00:40]} 6. b4 {[%emt 0:00:
13]} Be7 {[%emt 0:04:56]} 7. e5 {[%emt 0:00:17]} Ng4 {[%emt 0:03:36]} 8. cxd4 {
[%emt 0:00:36]} d5 {[%emt 0:02:39]} 9. exd6 {[%emt 0:07:46]} cxd6 {[%emt 0:01:
53]} 10. a3 {[%emt 0:10:01]} O-O {[%emt 0:04:07]} 11. O-O {[%emt 0:01:21]} Bf5
{[%emt 0:04:45]} 12. Bb2 {[%emt 0:10:07]} d5 {[%emt 0:18:14]} 13. Ba2 {[%emt 0:
04:54]} Nf6 {[%emt 0:01:45]} 14. Nc3 {[%emt 0:00:46]} Bd6 {[%emt 0:07:08]} 15.
Re1 {[%emt 0:02:41]} a5 {[%emt 0:03:44]} 16. b5 {[%emt 0:01:03]} Ne7 {[%emt 0:
00:17]} 17. Ne5 {[%emt 0:05:20]} Rc8 {[%emt 0:00:16]} 18. Rc1 {[%emt 0:08:15]}
Be6 {[%emt 0:02:59]} 19. Na4 {[%emt 0:19:06]} Rxc1 {[%emt 0:04:03]} 20. Qxc1 {
[%emt 0:00:20]} Qe8 {[%emt 0:06:48]} 21. Nc3 {[%emt 0:02:18]} Qd8 {[%emt 0:00:
12]} 22. Na4 {[%emt 0:00:20]} Qe8 {[%emt 0:01:08]} 23. Nc3 {[%emt 0:00:04]} Qd8
{[%emt 0:00:09]} 24. Qd1 {[%emt 0:02:08]} Qb6 {[%emt 0:02:57]} 25. Qe2 {
[%emt 0:01:26]} Rc8 {[%emt 0:03:24]} 26. Na4 {[%emt 0:00:42]} Qc7 {[%emt 0:01:
00]} 27. Bb3 {[%emt 0:05:46]} Ng6 {[%emt 0:05:49]} 28. g3 {[%emt 0:08:30]} Qe7
{[%emt 0:02:12]} 29. Nb6 {[%emt 0:01:22]} Re8 {[%emt 0:00:16]} 30. Qf3 {
[%emt 0:02:14]} Bg4 {[%emt 0:03:44]} 31. Nxd5 {[%emt 0:01:21]} Nxe5 {[%emt 0:
02:27]} 32. Nxe7+ {[%emt 0:00:39]} Rxe7 {[%emt 0:00:04]} 33. dxe5 {[%emt 0:00:
48]} Bxf3 {[%emt 0:00:07]} 34. Re3 {[%emt 0:00:13]} Bxe5 {[%emt 0:05:48]} 35.
Rxe5 {[%emt 0:00:33]} Rxe5 {[%emt 0:01:19]} 36. Bxe5 {[%emt 0:00:02]} Bd5 {
[%emt 0:00:45]} 37. Bd1 {[%emt 0:01:29]} Ne4 {[%emt 0:02:21]} 38. a4 {[%emt 0:
02:35]} Nd2 {[%emt 0:01:46]} 39. Bc3 Nc4 {[%emt 0:01:07]} 40. Kf1 {[%emt 0:00:
52]} f6 {[%emt 0:00:35]} 41. Ke2 {[%emt 0:01:52]} Kf7 {[%emt 0:03:35]} 42. g4 {
[%emt 0:08:29]} Ke6 {[%emt 0:02:12]} 43. f4 {[%emt 0:01:16]} g6 {[%emt 0:03:09]
} 44. Kd3 {[%emt 0:01:01]} f5 {[%emt 0:07:51]} 45. h3 {[%emt 0:01:06]} Kd6 {
[%emt 0:02:42]} 46. Kd4 {[%emt 0:02:15]} b6 {[%emt 0:01:15]} 47. gxf5 {[%emt 0:
07:10]} gxf5 {[%emt 0:00:04]} 48. Bc2 {[%emt 0:00:08]} Na3 {[%emt 0:00:30]} 49.
Bxf5 {[%emt 0:00:40]} Bb3 {[%emt 0:00:03]} 50. Bb2 {[%emt 0:01:37]} Nc2+ {
[%emt 0:00:04]} 51. Kc3 {[%emt 0:00:12]} Ne3 {[%emt 0:00:05]} 52. Kxb3 {
[%emt 0:03:20]} Nxf5 {[%emt 0:00:04]} 53. Kc4 {[%emt 0:00:16]} Ne3+ {[%emt 0:
01:29]} 54. Kd3 {[%emt 0:01:12]} Nd5 {[%emt 0:02:54]} 55. Ke4 {[%emt 0:00:59]}
Kc5 {[%emt 0:00:18]} 56. f5 {[%emt 0:00:49]} Nc7 {[%emt 0:00:39]} 57. Bd4+ {
[%emt 0:00:23]} 1-0

[Event "European Individual Championship - Reyk"]
[Site "Reykjavik, Iceland"]
[Date "2021.08.28"]
[Round "3.5"]
[White "Sivuk, Vitaly"]
[Black "Hovhannisyan, Robert"]
[Result "0-1"]
[WhiteElo "2589"]
[BlackElo "2626"]
[PlyCount "112"]
[EventDate "2021.??.??"]

1. e4 {[%emt 0:03:36]} e5 {[%emt 0:00:10]} 2. Nf3 {[%emt 0:00:22]} Nc6 3. Nc3 {
[%emt 0:00:05]} Nf6 {[%emt 0:00:31]} 4. h3 d5 {[%emt 0:05:12]} 5. exd5 {
[%emt 0:00:12]} Nxd5 {[%emt 0:00:05]} 6. Bb5 {[%emt 0:00:09]} Nxc3 {[%emt 0:01:
37]} 7. bxc3 Bd6 8. O-O O-O {[%emt 0:00:24]} 9. Re1 {[%emt 0:00:11]} Re8 {
[%emt 0:04:14]} 10. d3 {[%emt 0:00:13]} h6 {[%emt 0:05:45]} 11. Nd2 {[%emt 0:
14:19]} a6 {[%emt 0:08:03]} 12. Bc4 {[%emt 0:13:07]} Be6 {[%emt 0:03:32]} 13.
Qh5 {[%emt 0:01:39]} Qg5 {[%emt 0:16:09]} 14. Qxg5 {[%emt 0:03:32]} hxg5 {
[%emt 0:00:05]} 15. Bb3 {[%emt 0:11:39]} f6 {[%emt 0:03:19]} 16. Ne4 {[%emt 0:
00:33]} Nd8 {[%emt 0:04:09]} 17. Rb1 {[%emt 0:07:31]} Bxb3 {[%emt 0:00:28]} 18.
axb3 {[%emt 0:07:24]} Ne6 {[%emt 0:02:19]} 19. Ra1 {[%emt 0:01:15]} Be7 {
[%emt 0:02:45]} 20. Bd2 {[%emt 0:01:32]} Kf7 {[%emt 0:01:25]} 21. Ra5 {[%emt 0:
08:27]} b6 {[%emt 0:08:19]} 22. Ra2 {[%emt 0:00:06]} a5 {[%emt 0:00:46]} 23. c4
{[%emt 0:02:14]} Rad8 {[%emt 0:05:07]} 24. Bc3 {[%emt 0:02:22]} Rh8 {[%emt 0:
02:01]} 25. f3 {[%emt 0:04:14]} Rh7 {[%emt 0:03:19]} 26. Bb2 {[%emt 0:00:37]}
Bb4 {[%emt 0:01:31]} 27. Bc3 {[%emt 0:02:24]} Be7 {[%emt 0:06:42]} 28. Bb2 {
[%emt 0:00:01]} Rhh8 {[%emt 0:00:50]} 29. Ba3 {[%emt 0:00:43]} Bxa3 {[%emt 0:
01:55]} 30. Rxa3 {[%emt 0:00:05]} Nd4 {[%emt 0:01:06]} 31. Ra2 {[%emt 0:00:09]}
Ra8 {[%emt 0:00:56]} 32. Kf2 {[%emt 0:00:31]} Ra7 {[%emt 0:02:50]} 33. Nc3 {
[%emt 0:00:47]} c5 {[%emt 0:05:07]} 34. Nd5 {[%emt 0:00:23]} Rb7 {[%emt 0:00:
06]} 35. c3 {[%emt 0:00:33]} Ne6 {[%emt 0:01:42]} 36. Rb1 {[%emt 0:02:15]} Nf4
{[%emt 0:01:27]} 37. Nxf4 {[%emt 0:02:07]} gxf4 {[%emt 0:00:03]} 38. b4 {
[%emt 0:00:22]} Rd7 {[%emt 0:05:47]} 39. Ke2 {[%emt 0:03:56]} Rhd8 {[%emt 0:00:
12]} 40. Rd2 {[%emt 0:07:08]} axb4 {[%emt 0:00:45]} 41. cxb4 {[%emt 0:00:05]}
Ra8 {[%emt 0:08:55]} 42. bxc5 {[%emt 0:02:31]} bxc5 {[%emt 0:00:10]} 43. Rb5 {
[%emt 0:01:26]} Rc7 {[%emt 0:00:42]} 44. Rdb2 {[%emt 0:00:37]} Raa7 {[%emt 0:
02:19]} 45. Rb8 {[%emt 0:01:36]} Kg6 {[%emt 0:00:54]} 46. Kf2 {[%emt 0:04:00]}
Rd7 {[%emt 0:03:19]} 47. Ke2 {[%emt 0:00:46]} Kg5 {[%emt 0:00:42]} 48. R8b5 {
[%emt 0:00:19]} Ra3 {[%emt 0:05:57]} 49. Rd2 {[%emt 0:03:13]} Kh4 {[%emt 0:01:
29]} 50. Rxc5 {[%emt 0:00:33]} Kg3 {[%emt 0:00:05]} 51. Rc8 {[%emt 0:06:51]}
Ra1 {[%emt 0:02:53]} 52. c5 {[%emt 0:04:03]} Rg1 {[%emt 0:00:40]} 53. c6 {
[%emt 0:00:09]} Ra7 {[%emt 0:00:40]} 54. Rb8 {[%emt 0:02:57]} Rxg2+ {[%emt 0:
01:14]} 55. Kd1 Ra1+ 56. Kc2 Ra2+ {[%emt 0:00:10]} 0-1

[Event "European Individual Championship - Reyk"]
[Site "Reykjavik, Iceland"]
[Date "2021.08.28"]
[Round "3.6"]
[White "Fridman, Daniel"]
[Black "Gabuzyan, Hovhannes"]
[Result "0-1"]
[WhiteElo "2621"]
[BlackElo "2587"]
[PlyCount "82"]
[EventDate "2021.??.??"]

1. d4 {[%emt 0:00:32]} Nf6 {[%emt 0:00:06]} 2. c4 {[%emt 0:00:10]} c5 {[%emt 0:
00:03]} 3. d5 {[%emt 0:00:05]} a6 {[%emt 0:00:46]} 4. Nc3 b5 {[%emt 0:00:08]}
5. a3 {[%emt 0:00:07]} d6 {[%emt 0:01:49]} 6. e4 {[%emt 0:01:16]} bxc4 {
[%emt 0:00:07]} 7. Nf3 {[%emt 0:03:37]} Bg4 {[%emt 0:03:13]} 8. Qa4+ {[%emt 0:
00:37]} Qd7 {[%emt 0:01:00]} 9. Qxc4 {[%emt 0:05:36]} Bxf3 {[%emt 0:00:44]} 10.
gxf3 {[%emt 0:00:06]} g6 {[%emt 0:00:42]} 11. f4 {[%emt 0:03:37]} Bh6 {[%emt 0:
05:46]} 12. h4 {[%emt 0:24:14]} Nh5 {[%emt 0:04:37]} 13. Bh3 {[%emt 0:05:28]}
Qb7 {[%emt 0:16:20]} 14. Qa4+ {[%emt 0:01:05]} Nd7 {[%emt 0:04:20]} 15. e5 Ra7
{[%emt 0:02:30]} 16. O-O {[%emt 0:11:15]} O-O {[%emt 0:01:50]} 17. Bg4 {
[%emt 0:11:10]} Nb6 {[%emt 0:10:18]} 18. Qe4 {[%emt 0:00:13]} f5 {[%emt 0:00:
13]} 19. exf6 {[%emt 0:00:06]} Nxf6 {[%emt 0:00:04]} 20. Be6+ {[%emt 0:00:06]}
Kh8 {[%emt 0:00:05]} 21. Qd3 {[%emt 0:07:38]} Na8 {[%emt 0:01:27]} 22. b4 {
[%emt 0:04:55]} Nc7 {[%emt 0:00:43]} 23. bxc5 {[%emt 0:04:57]} Nxe6 {[%emt 0:
00:13]} 24. dxe6 {[%emt 0:00:06]} dxc5 {[%emt 0:00:09]} 25. Re1 {[%emt 0:00:59]
} c4 {[%emt 0:02:43]} 26. Qxc4 {[%emt 0:03:31]} Qf3 {[%emt 0:03:08]} 27. Ne4 {
[%emt 0:08:07]} Qg4+ {[%emt 0:14:53]} 28. Ng3 {[%emt 0:00:02]} Rb7 {[%emt 0:00:
06]} 29. Qe2 {[%emt 0:03:08]} Qxh4 {[%emt 0:05:19]} 30. Kg2 {[%emt 0:01:00]}
Nh5 {[%emt 0:01:21]} 31. Nxh5 {[%emt 0:00:47]} gxh5 {[%emt 0:00:28]} 32. Qf3 {
[%emt 0:00:32]} Bxf4 {[%emt 0:05:56]} 33. Qxb7 {[%emt 0:00:36]} Bxc1 {[%emt 0:
00:43]} 34. Ra2 {[%emt 0:00:12]} Rg8+ {[%emt 0:01:01]} 35. Kf1 {[%emt 0:00:02]}
Qh3+ {[%emt 0:00:37]} 36. Ke2 {[%emt 0:00:01]} Qxe6+ {[%emt 0:00:50]} 37. Kf1 {
[%emt 0:00:02]} Qxa2 {[%emt 0:01:01]} 38. Rxc1 {[%emt 0:00:02]} Qxa3 {[%emt 0:
00:10]} 39. Rd1 {[%emt 0:00:23]} Qh3+ {[%emt 0:00:19]} 40. Ke2 {[%emt 0:00:09]}
Qe6+ {[%emt 0:00:17]} 41. Kf3 {[%emt 0:01:04]} Rf8+ {[%emt 0:00:07]} 0-1

[Event "European Individual Championship - Reyk"]
[Site "Reykjavik, Iceland"]
[Date "2021.08.28"]
[Round "3.7"]
[White "Svane, Rasmus"]
[Black "Ivic, Velimir"]
[Result "0-1"]
[WhiteElo "2615"]
[BlackElo "2571"]
[PlyCount "142"]
[EventDate "2021.??.??"]

1. d4 {[%emt 0:00:10]} d5 {[%emt 0:00:26]} 2. c4 {[%emt 0:01:47]} c6 {[%emt 0:
00:12]} 3. Nc3 {[%emt 0:04:34]} Nf6 {[%emt 0:00:17]} 4. e3 {[%emt 0:00:21]} Bf5
{[%emt 0:01:07]} 5. Nf3 {[%emt 0:01:39]} e6 {[%emt 0:00:20]} 6. Nh4 {[%emt 0:
01:13]} Be4 7. f3 Bg6 {[%emt 0:00:07]} 8. Bd2 {[%emt 0:02:13]} Be7 {[%emt 0:00:
46]} 9. Nxg6 {[%emt 0:03:12]} hxg6 {[%emt 0:00:04]} 10. Qc2 {[%emt 0:00:04]} a5
{[%emt 0:04:20]} 11. Kf2 {[%emt 0:11:30]} Nbd7 {[%emt 0:06:20]} 12. g3 {
[%emt 0:04:43]} g5 {[%emt 0:03:55]} 13. cxd5 {[%emt 0:03:20]} exd5 {[%emt 0:02:
53]} 14. Be2 {[%emt 0:04:28]} Nf8 {[%emt 0:05:43]} 15. Kg2 {[%emt 0:02:22]} Ne6
{[%emt 0:11:17]} 16. Rad1 {[%emt 0:00:30]} g6 {[%emt 0:03:23]} 17. Bd3 {
[%emt 0:15:37]} Kf8 {[%emt 0:06:11]} 18. Ne2 {[%emt 0:04:28]} Qd7 {[%emt 0:14:
06]} 19. h3 {[%emt 0:02:28]} Bb4 {[%emt 0:11:40]} 20. Bc1 {[%emt 0:02:01]} Kg7
{[%emt 0:01:47]} 21. a3 {[%emt 0:01:27]} Be7 {[%emt 0:02:06]} 22. f4 {[%emt 0:
06:27]} Ne4 {[%emt 0:06:16]} 23. Bxe4 {[%emt 0:10:50]} dxe4 24. Nc3 {[%emt 0:
05:15]} gxf4 {[%emt 0:02:21]} 25. gxf4 {[%emt 0:03:27]} Rh5 {[%emt 0:11:05]}
26. Qxe4 {[%emt 0:01:02]} Rah8 {[%emt 0:01:11]} 27. d5 {[%emt 0:02:09]} cxd5 {
[%emt 0:01:44]} 28. Nxd5 {[%emt 0:01:45]} Qc6 {[%emt 0:01:51]} 29. Qf3 {
[%emt 0:03:44]} Ng5 {[%emt 0:02:26]} 30. fxg5 {[%emt 0:00:11]} Rxg5+ {[%emt 0:
00:01]} 31. Kf2 {[%emt 0:00:30]} Rf5 {[%emt 0:00:13]} 32. Nf4 {[%emt 0:00:44]}
Bh4+ {[%emt 0:00:20]} 33. Ke2 {[%emt 0:00:05]} Qc4+ {[%emt 0:01:36]} 34. Rd3 {
[%emt 0:00:03]} Rd8 {[%emt 0:00:39]} 35. e4 {[%emt 0:01:33]} Re8 {[%emt 0:00:
38]} 36. b3 {[%emt 0:01:36]} Rxe4+ {[%emt 0:00:33]} 37. Be3 {[%emt 0:00:49]}
Qc2+ {[%emt 0:00:32]} 38. Rd2 {[%emt 0:00:05]} Qc6 {[%emt 0:00:26]} 39. Rg1 {
[%emt 0:01:02]} Rfxf4 {[%emt 0:00:29]} 40. Qxf4 {[%emt 0:00:05]} Rxf4 {[%emt 0:
00:22]} 41. Bxf4 {[%emt 0:00:03]} Qe6+ {[%emt 0:07:36]} 42. Be3 {[%emt 0:00:18]
} Qxh3 {[%emt 0:11:08]} 43. Bd4+ {[%emt 0:05:14]} Bf6 {[%emt 0:00:39]} 44.
Bxf6+ {[%emt 0:00:30]} Kxf6 {[%emt 0:00:05]} 45. Rf1+ {[%emt 0:00:34]} Kg7 {
[%emt 0:00:21]} 46. Rd3 {[%emt 0:03:45]} Qe6+ {[%emt 0:00:54]} 47. Kd2 {
[%emt 0:00:10]} g5 {[%emt 0:01:34]} 48. Rc1 {[%emt 0:04:01]} Qe5 {[%emt 0:01:
19]} 49. a4 {[%emt 0:01:08]} Qh2+ {[%emt 0:01:43]} 50. Kd1 {[%emt 0:01:30]}
Qg1+ {[%emt 0:02:01]} 51. Kd2 {[%emt 0:00:06]} Qf2+ {[%emt 0:00:04]} 52. Kd1 {
[%emt 0:00:07]} Qf1+ {[%emt 0:02:12]} 53. Kd2 {[%emt 0:00:04]} Qf4+ {[%emt 0:
00:08]} 54. Kd1 {[%emt 0:00:05]} Kg6 {[%emt 0:01:57]} 55. Rc4 {[%emt 0:00:25]}
Qf1+ {[%emt 0:00:30]} 56. Kd2 {[%emt 0:02:38]} f5 {[%emt 0:00:19]} 57. Rc8 {
[%emt 0:04:58]} f4 {[%emt 0:00:57]} 58. Rh8 {[%emt 0:05:59]} Qg2+ {[%emt 0:00:
47]} 59. Kc3 {[%emt 0:00:47]} Qc6+ {[%emt 0:00:19]} 60. Kd2 {[%emt 0:00:08]}
Kf5 {[%emt 0:00:37]} 61. Rhd8 {[%emt 0:01:42]} Qg2+ {[%emt 0:00:25]} 62. Kc3 {
[%emt 0:01:01]} Kg4 {[%emt 0:00:22]} 63. R8d4 {[%emt 0:00:21]} Kh5 {[%emt 0:02:
51]} 64. Rd8 {[%emt 0:01:26]} f3 {[%emt 0:02:17]} 65. Rf8 {[%emt 0:03:58]} g4 {
[%emt 0:00:40]} 66. Rd7 {[%emt 0:00:26]} Kh4 {[%emt 0:00:33]} 67. Rxb7 {
[%emt 0:02:07]} Qe2 {[%emt 0:00:07]} 68. Rbf7 {[%emt 0:00:45]} Kg3 {[%emt 0:00:
12]} 69. Rf5 {[%emt 0:00:43]} Kg2 {[%emt 0:00:22]} 70. Rg8 {[%emt 0:00:29]}
Qe3+ {[%emt 0:00:14]} 71. Kb2 {[%emt 0:00:06]} g3 {[%emt 0:00:56]} 0-1